| 000 | 00545nam a2200193Ia 4500 | ||
|---|---|---|---|
| 005 | 20250326141725.0 | ||
| 008 | 250326s9999 xx 000 0 und d | ||
| 020 | _a81-7041-408-3 | ||
| 037 | _aTextbook | ||
| 040 |
_aFMSL _beng _cFMSL |
||
| 041 |
_aeng _2eng |
||
| 084 |
_aX4.44 N0 _qFMSL |
||
| 100 |
_aKhan Moh Akbar Ali _9744961 |
||
| 245 | 0 |
_aFicial management of SRTCs in India _cKhan Moh Akbar Ali |
|
| 260 |
_aNew Delhi _bNew Delhi, Anmol _c1990 |
||
| 300 | _a478p | ||
| 942 |
_cTB _hX4.44 N0 |
||
| 999 |
_c1291666 _d1291666 |
||